000 00398nam a2200157Ia 4500
008 230524s9999 xx 000 0 und d
082 _a621.38216
_bGUP
100 _aJ.B.Gupta
245 0 _aElements of Electrical Engineering and Electronics
250 _a3RD
260 _aNEW DELHI
_bKataria
_c2005
300 _aIX;501
500 _aQuantity Number: 5
650 _aElectrical
942 _cBK
999 _c10307
_d10307